000 00421nam a2200169Ia 4500
005 20250327142548.0
008 250327s9999 xx 000 0 und d
020 _a9788129120946
_bHardcover
082 _a954
_bNAQ
100 _aNaqvi, Saba
245 0 _aIn good faith
_cSaba Naqvi
250 _aFirst edition
260 _bRupa/rain
_c2012-12-01
300 _a200 pages
650 _aNon Fiction
942 _cENGLISH
999 _c570157
_d570157